Third world affairs, 1987 (Record no. 510)

MARC details
000 -LEADER
fixed length control field 00654nam a2200169 a 4500
008 - FIXED-LENGTH DATA ELEMENTS--GENERAL INFORMATION
fixed length control field 120718s1987 ||||||||||||||||| || u
020 ## - INTERNATIONAL STANDARD BOOK NUMBER
International Standard Book Number 0907962386
050 ## - LIBRARY OF CONGRESS CALL NUMBER
Classification number D 880 Thi
100 ## - MAIN ENTRY--PERSONAL NAME
Personal name Gauhar, Altaf
245 10 - TITLE STATEMENT
Title Third world affairs, 1987
Statement of responsibility, etc. editor-in-chief Altaf Gauhar
260 ## - PUBLICATION, DISTRIBUTION, ETC.
Place of publication, distribution, etc. London
Name of publisher, distributor, etc. Third World Foundation
Date of publication, distribution, etc. 1987
300 ## - PHYSICAL DESCRIPTION
Extent xvii, 534p.: ill.
490 ## -
-- Third World Foundation for Social and Economic Studies
500 ## - GENERAL NOTE
General note Bibliography
650 ## - SUBJECT ADDED ENTRY--TOPICAL TERM
Topical term or geographic name entry element DEVELOPING COUNTRIES--PERIODICALS
995 ## -
-- SPECIAL COLLECTIONS
-- 500025
-- CBU-DAG HAMMARSKJOLD INSTITUTE LIBRARY
-- DAG D 880 Thi
-- 1
-- AVAILABLE
-- Aug 21, 2012
-- 500025
-- DHIPS Book Collection
999 ## -
-- 510
-- 510
Holdings
Withdrawn status Lost status Source of classification or shelving scheme Damaged status Not for loan Permanent Location Current Location Shelving location Date acquired Total Checkouts Full call number Barcode Date last seen Price effective from Koha item type
          CBU-DAG HAMMARSKJOLD INSTITUTE CBU-DAG HAMMARSKJOLD INSTITUTE   11/28/2022   D 880 Thi 500025 11/28/2022 11/28/2022 MONOGRAPH